000 00649nam a2200205Ii 4500
003 JO-AjNU
008 230605s9999||||xx |||||||||||||| ||und||
040 _aJO-AjNU
_bara
_erda
_cJO-AjNU
041 _aara
050 1 4 _aP790.A6264 1996
100 3 _aالعنافي,حنان عبد الحميد تأليف,
_eauthor
_910738
245 0 0 _aأدب الاطفال
250 _aط3
264 3 1 _aعمان:دار الفكرللطباعة والنشر والتوزيع,1996
300 _a148ص
336 _atext
_btxt
_2rdacontent
337 _aunmediated
_bn
_2rdamedia
338 _avolume
_bnc
_2rdacarrier
650 4 _aأدب الأطفال
_910739
999 _aA1960
_c5528
_d5528